000 00739nas a2200241 4500
001 BR6200318
003 BR-BrBNA
005 20231205082148.0
007 ta
008 230509b bl.|||p| |||| 00| 00por d
040 _aBR-BrBNA
_bpor
_cBiblioteca Nacional de Agricultura
041 _a(Pt)
072 _aL72
100 1 _aFreire, J.J.
245 1 _aIsosporose canina por Isospora bigemina (Stilles, 1891)
650 _aPARASITO DE ANIMAL
650 _aVERMINOSE
650 _aISOSPOROSE
650 _aCAO
773 0 _tRevista da Faculdade de Agronomia e Veterinaria da Universidade do Rio Grande do Sul (Brazil)
_x
_g(Oct 1962), v. 5(3) p. 177-186
_wBR6200318
909 _a202311
_bLúcia
_c55
_dLúcia Elande
942 _2AGRIS
_n0
_cANA
999 _c89620
_d89620